Music Quiz

Random Music or Clickable Quiz

Fall out boy songs. fill in the blanks Quiz Stats

 Plays Quiz not verified by Sporcle

Score 0/20 Timer 10:00
0 Plays Today
% Correct
fr
92.8%
goin
88.3%
uma
88.3%
dance
85.6%
care
84.7%
grand
83.8%
rat
82%
suitehearts
78.4%
alright
77.5%
alone
74.8%
% Correct
songs
73%
beat
71.2%
break
70.3%
catch
70.3%
pheonix
68.5%
arms
67.6%
young
62.2%
volcanoes
55.9%
yesterday
55.9%
43.2%

You're not logged in!

Compare scores with friends on all Sporcle quizzes.
OR
Log In

Sporcle TV

Today on Sporcle TV


Watch our educational content, quiz creation guides, and fun videos on Sporcle TV.

Show Comments

Extras

Top Quizzes Today


Score Distribution

Your Account Isn't Verified!

In order to create a playlist on Sporcle, you need to verify the email address you used during registration. Go to your Sporcle Settings to finish the process.

Report this User

Report this user for behavior that violates our Community Guidelines.

Details: